000 00951nam a2200289Ia 4500
001 F3574
003 IT-RoPAU
008 130308s9999 xx 000 0 und d
040 _aIT-RoPAU
040 _cIT-RoPAU
041 _aITALIANO
100 _aAbruzzese Alberto
100 _gCodice Aut. SPICS: 10106
245 _aLacrime di Bambi (Le). Arte e new media
245 _bEstetica-1997-La Comunicazione
250 _a1a ed.
260 _aBOLOGNA
260 _bIl Mulino
260 _c1998 [1° Ed.:1998 - Ed.Ling.Originale:1998]
300 _a"41 p. (prefazione: no ; testo: 41 [pagine: 37-77])"
500 _aTema: cibernetica e Linguaggi Espressivi. Punto di Vista. scenari della Cultura. innovazioni e Tradizione. tribù Versus Intellettuali. Tempo della Negoziazione. Orlan/Duchamp e la Cosa.
650 _aSAGGI DI COMUNICAZIONE SOCIALE
650 _eCodice materia Spics: 3807
942 _cBK
957 _71
999 _c80912
_d80912
999 _g1